| 000 | 01046cam a2200265 a 4500 | ||
|---|---|---|---|
| 001 | 000005262 | ||
| 005 | 20210409114021.0 | ||
| 008 | 981009s1998 sp a b 001 0 spa | ||
| 020 | _a8437615690 | ||
| 040 |
_aDO-SdBNP _cDLC _dDLC |
||
| 082 |
_a862.62 _bG216t |
||
| 100 |
_aGarcía Lorca, Federico, _d1898-1936 _914727 |
||
| 245 | 1 | 0 |
_aTíteres de cachiporra : _btragicomedia de don Cristóbal y la señá Rosita : (versión autógrafa inédita de 1922) / _cFederico García Lorca ; texto fijado y notas de Christian de Paepe ; introducción, Annabella Cardinali. |
| 260 |
_aMadrid : _bCátedra, _c1998. |
||
| 300 |
_a245 p. : _bil. ; _c18 cm. |
||
| 440 | 0 |
_aLetras hispánicas ; _v434 _94208 |
|
| 504 | _aIncluye referencias bibliográficas (p. 121-127). | ||
| 600 | 0 |
_aGarcía Lorca, Federico, _d1898-1936 _914727 |
|
| 650 | 4 |
_aTeatro español _93071 |
|
| 650 | 4 |
_aLiteratura española _9632 |
|
| 700 | 1 |
_aPaepe, Christian de. _915011 |
|
| 700 | 1 |
_aCardinali, Annabella, _eintr. _915012 |
|
| 910 | _aCatalogación por copia / LC | ||
| 910 | _aWM | ||
| 999 |
_c5063 _d5063 |
||